00533nam a22001937a 4500999001900000005001700019010001600036020002300052037001400075100001800089245007300107250000900180260002200189270004400211300002600255700001800281710001700299942002300316 c189504d18950420220704111030.0 aPayal Dewal a8187542829c450.00 bPink CIty aVarma,Ravi S. aLearn Correct EnglishbHindi-EnglishcRavi S. Varma and Sanjay Dutta a2021 aJaipurbPink City aRam Bhawam,Chaura RastabJaipure302003 axvi,656p.c21c.m.(Pb) aVarma,Ravi S. aDutta,Sanjay 2ddccENe2021mVAR